Revisiting the reading workshop : (Record no. 112653)
[ view plain ]
| 000 -LEADER | |
|---|---|
| fixed length control field | 00798nam a2200193 a 4500 |
| 001 - CONTROL NUMBER | |
| control field | 4065 |
| 005 - DATE AND TIME OF LATEST TRANSACTION | |
| control field | 20140414131945.0 |
| 008 - FIXED-LENGTH DATA ELEMENTS--GENERAL INFORMATION | |
| fixed length control field | 081217s19uu xx 00 eng d |
| 020 ## - INTERNATIONAL STANDARD BOOK NUMBER | |
| International Standard Book Number | 0-439-44404-7 |
| 050 ## - LIBRARY OF CONGRESS CALL NUMBER | |
| Classification number | TR 372.4 |
| Item number | Or3 2002 |
| 100 ## - MAIN ENTRY--PERSONAL NAME | |
| Personal name | Orehovec, Barbara |
| 245 ## - TITLE STATEMENT | |
| Title | Revisiting the reading workshop : |
| Remainder of title | management, mini-lessons, and strategies : a complete guide to organizing and managing an effective reading workshop that builds independent, strategic readers / |
| Statement of responsibility, etc | by Barbara Orehovec and Marybeth Alley. |
| 260 ## - PUBLICATION, DISTRIBUTION, ETC. (IMPRINT) | |
| Place of publication, distribution, etc | New York : |
| Name of publisher, distributor, etc | Scholastci, |
| Date of publication, distribution, etc | c2002. |
| 300 ## - PHYSICAL DESCRIPTION | |
| Extent | 160 p. : ill. ; cm. |
| 440 ## - SERIES STATEMENT/ADDED ENTRY--TITLE | |
| Title | Scholastic Teaching Strategies |
| 500 ## - GENERAL NOTE | |
| General note | "Grades1-5"-- Cover.Includes bibliographical references (p.149-155). |
| 650 ## - SUBJECT ADDED ENTRY--TOPICAL TERM | |
| Topical term or geographic name as entry element | Reading and writing |
| General subdivision | Kindergarten. |
| Withdrawn status | Lost status | Damaged status | Use restrictions | Home library | Current library | Shelving location | Date acquired | Source of acquisition | Cost, normal purchase price | Total Checkouts | Full call number | Barcode | Date last seen | Price effective from | Koha item type |
|---|---|---|---|---|---|---|---|---|---|---|---|---|---|---|---|
| Munich Library | Munich Library | Teachers Reference Section | 12/17/2008 | 495.00 | TR 372.4 Or3 2002 | M4030 | 04/14/2014 | 04/14/2014 | Books |